Les Chansons De L'Album "The Voice" - Statistiques

Statistiques générales
  • Ce quiz a été pris 6 fois
  • Le résultat moyen est 4 sur 7
Statistiques - réponses
Piste Interprète original Chanson % Correct
01 Lana Del Rey Video Games
100%
04 Radiohead Creep
83%
03 Jacques Brel Amsterdam
67%
07 Léo Ferré Avec Le Temps
50%
06 Gotye Somebody That I Used To Know
50%
05 The Righteous Brothers Unchained Melody
33%
02 Coldplay Trouble
17%
Aucun quiz correspondant
Distribution des résultats
% des personnes avec chaque résultat
Percentile par nombre de réponses
Votre historique - résultats
Vous n’avez pas pris ce quiz